Gazoelektričeskaja rezka metallov.

Uložené v:
Podrobná bibliografia
Hlavný autor: Vasiľjev, K. V.
Médium: Kniha
Jazyk:Slovak
Vydané: 1963.
Tagy: Pridať tag
Žiadne tagy, Buďte prvý kto otaguje tento záznam!

MARC

LEADER 00000nam a22000004a 4500
001 000517536
005 20160809075314.0
008 160809s1963 xo e 000 0 slo d
040 |a SVKKK  |b slo  |c SVKKK  |e AACR2 
100 1 |a Vasiľjev, K. V. 
245 1 0 |a Gazoelektričeskaja rezka metallov. 
260 |c 1963. 
500 |a Záznam revízie 
910 |a svkkk 
998 |a BK 
090 |g SCKHL  |k Sklad Pribinova 2. posch.  |a X0.4310  |j 018620  |i 517536-10  |4 Zastaraná  |s Vyradená